000
00181 a2200097 4500
020
_a
9780399155024
041
_a
eng
100
_a
Cook, Robin
245
_a
Foreign Body
942
_c
BK
999
_c
31969
_d
31967